000 01215nam a2200325 c 4500
999 _c57595
_d57595
003 BLK
005 20181207105723.0
008 180408b bul|||||r ||||||| ||bul||
010 _aKNG00061601000
040 _aBLK
041 _aBUL
_cBUL
080 _aОвощарство в цялост
_b634.1
_x(035)
_z634.1(035)
139 _aСправочник на овощаря
_bС 59
245 1 0 _aСправочник за овощаря
_cБоян Миланов Виденов и др.
257 _aBGR
260 _bЗемиздат
_c1988
300 _a200 с.
_bс ил.
_c20 см
380 _a63
490 1 _aПоредица Съвети за личното стопанство
500 _aДруги авт. : В. Хр. Тодоров, Н. К. Максимов, Кр. В. Лазаров. - 43 100 тир.
650 4 _aОвощни култури - справочници
_9271927
653 _aовощарство
653 _aсправочници
700 _9255022
_aВиденов, Боян Миланов
_eпърви автор
852 _aЦб 152585
856 4 _qpdf
856 4 _qpdf
942 _cKNG
_n0
944 _aCR
_c13.06.2004
_kЛюдмила_Стоянова
944 _aED
_c08.03.2006
999 _d57595